Molar superior (Registro nro. 8747)
[ vista simple ]
| 000 -LÍDER | |
|---|---|
| fixed length control field | 00540nom a22002057a 4500 |
| 005 - FECHA DE ÚLTIMA TRANSACCION | |
| control field | 20220608182055.0 |
| 008 - ELEMENTOS DE DATOS - INFORMACIÓN GENERAL | |
| fixed length control field | 170116b xxu||||| |||| 00| 0 spa d |
| 041 ## - CÓDIGO DE LENGUAJE | |
| Código de idioma de texto / pista de sonido o título separado | SPA |
| 082 ## - NÚMERO DE ACTIVO | |
| N° Activo | Molar superior |
| 245 ## - TÍTULO | |
| Título | Molar superior |
| 260 ## - PUBLICACIÓN , DISTRIBUCIÓN, ETC. (PIE DE IMPRENTA ) | |
| Fecha de adqusición | 2016 |
| 300 ## - DESCRIPCIÓN FÍSICA | |
| Medidas | Tamaño normal |
| 500 ## - NOTA GENERAL | |
| Nota general | Se prestan para el mismo día, hasta las 7:50 pm |
| 650 ## - ASIENTO SECUNDARIO DE MATERIA - TÉRMINO DE MATERIA | |
| Término temático | MECÁNICA DENTAL |
| 650 ## - ASIENTO SECUNDARIO DE MATERIA - TÉRMINO DE MATERIA | |
| Término temático | ODONTOLOGÍA |
| 650 ## - ASIENTO SECUNDARIO DE MATERIA - TÉRMINO DE MATERIA | |
| Término temático | DIENTES |
| 650 ## - ASIENTO SECUNDARIO DE MATERIA - TÉRMINO DE MATERIA | |
| Término temático | ANATOMÍA DENTAL |
| 650 ## - ASIENTO SECUNDARIO DE MATERIA - TÉRMINO DE MATERIA | |
| Término temático | MODELOS ANATÓMICOS |
| 942 ## - AÑADIDO ENTRADA ELEMENTOS ( Koha ) | |
| Koha tipo de ítem | Modelo Anatómico |
| Withdrawn status | Estado | Estado físico | Not for loan | Precio de compra | Total Checkouts | Clasificación | Número de inscripción | Date last seen | Date checked out | Price effective from | Tipo de ítem |
|---|---|---|---|---|---|---|---|---|---|---|---|
| 85000.00 | 6 | Molar superior | ACT-1941 | 30/10/2024 | 30/10/2024 | 16/01/2017 | Modelo Anatómico |